| 000 | 00618nam a2200205Ia 4500 | ||
|---|---|---|---|
| 020 | _a0078287200 | ||
| 040 | _cBGU | ||
| 082 | _a909 GLE 2003 A087 Or. | ||
| 100 | 1 | _aFarah, Mounir | |
| 245 | 1 | 0 |
_aWorld history, the human experience : _bthe early ages / |
| 250 | _aTeacher's wraparound ed | ||
| 260 |
_aNew York, NY : _bGlencoe McGraw-Hill, _cc2003 |
||
| 300 |
_a1 v. (various pagings) : col. ill., col. maps ; _c30 cm |
||
| 650 | 0 | _aWorld history | |
| 650 | 0 | _aSocial sciences | |
| 700 | 1 | _aKarls, Andrea Berens | |
| 710 | 2 | _aGlencoe/McGraw-Hill | |
| 710 | 2 | _aNational Geographic Society (U.S.) | |
| 942 | _cEK | ||
| 999 |
_c17055 _d17055 |
||